| 000 | 01850nam a22003137a 4500 | ||
|---|---|---|---|
| 003 | OSt | ||
| 005 | 20240723113141.0 | ||
| 008 | 240723b |||||||| |||| 00| 0 eng d | ||
| 010 | _a 2011535096 | ||
| 020 | _a9780748642045 (pbk.) | ||
| 020 | _a9780748642052 (hbk.) | ||
| 040 |
_aMMU _beng _cMMU _dMMU |
||
| 042 | _apcc | ||
| 050 | 0 | 0 |
_aD16 _b.R37 2012 |
| 245 | 0 | 0 |
_aResearch methods for history / _cedited by Simon Gunn and Lucy Faire. |
| 264 | 1 |
_aEdinburgh : _bEdinburgh University Press, _c[2012] |
|
| 300 |
_aix, 246 pages ; _c24 cm. |
||
| 336 |
_atext _2rdacontent |
||
| 337 |
_aunmediated _2rdamedia |
||
| 338 |
_avolume _2rdacarrier |
||
| 490 | 0 | _aResearch methods for the arts and humanities | |
| 504 | _aIncludes bibliographical references and index. | ||
| 505 | 0 | 0 |
_tIntroduction: Why bother with method? / _rSimon Gunn and Lucy Faire -- _gpt. 1. _tThe essentials. Working with/in the archives / _rMichelle T. King -- _tApproaching visual materials / _rLudmilla Jordanova -- _tMaterial culture / _rAlan Mayne -- _tLandscape and place / _rJo Guldi -- _gpt. 2. _tResearching individuals and groups. Collective biography / _rKrista Cowman -- _tLife stories and historical analysis / _rAlistair Thomson -- _gpt. 3. _tQuantitative and qualitative analysis. GIS, spatial technologies and digital mapping / _rKeith D. Lilley -- _tDocument to database and spreadsheet / _rR.J. Morris -- _gpt. 4. _tDeciphering meanings. Reading language as a historical source / _rJulie-Marie Strange -- _tAnalysing behaviour as performance / _rSimon Gunn -- _gpt. 5. _tRethinking categories. Ethics and historical research / _rWilliam Gallois -- _tTime, temporality and history / _rPrashant Kidambi. |
| 650 | 0 |
_aHistory _xResearch. _91026 |
|
| 650 | 0 |
_aResearch _xMethodology. _91027 |
|
| 700 | 1 |
_aGunn, Simon, _d1954- _91028 |
|
| 700 | 1 |
_aFaire, Lucy. _91029 |
|
| 942 |
_2lcc _cLOAN LOAN |
||
| 999 |
_c32822 _d32819 |
||